| 000 | 00413nam a22001577a 4500 | ||
|---|---|---|---|
| 003 | OSt | ||
| 005 | 20160421154950.0 | ||
| 008 | 160421b xxu||||| |||| 00| 0 eng d | ||
| 040 | _aseku | ||
| 050 |
_aQA303 _b.B4 2006 |
||
| 100 | _aBitinger L. Marvin | ||
| 245 |
_aCalculus for the life sciences _bcustom edition for purdue university |
||
| 260 |
_aBoston: _bPearson; _c2006 |
||
| 300 | _a751p: | ||
| 942 |
_2lcc _cGEN |
||
| 999 |
_c12963 _d12963 |
||